• 首页
  • 本馆介绍
  • 公告通知
  • 最新文献
  • 馆藏检索
  • 电子资源
  • 读者导购
  • 参考咨询
  • 我的图书馆
  • 登录
  • 详细信息显示
  • 放入我的书架
  • 预约/预借图书
  • 作者相关作品
  • 分类相关作品
  • 丛书相关作品
  • 出版社相关作品

书目信息

  • 表格格式
  • 工作单格式
  • 卡片格式
题名:
自然科学基础
    
 
作者: 黄跃华 , 温盛伟 主编
分册:  
出版信息: 上海   上海交通大学出版社  2016.12
页数: 375页
开本: 26cm
丛书名:
单 册:
中图分类: N43
科图分类:
主题词: 自然科学--高等学校--教材
电子资源:
ISBN: 978-7-313-15465-1
000 00951nam0 2200253 450
001 0400003363
005 20171022090819.0
010    @a978-7-313-15465-1@dCNY39.80
100    @a20170328e2016 em y0chiy50 ea
101 0  @achi
102    @aCN@b310000
105    @aa z 000yy
106    @ar
200 1  @a自然科学基础@9zi ran ke xue ji chu@f黄跃华,温盛伟主编
210    @a上海@c上海交通大学出版社@d2016.12
215    @a375页@c图@d26cm
300    @a普通高等院校精品教材
330    @a本书以自然科学的基本概念、基本原理和基本方法为基础,以人与自然关系协调为主线,以学生的发展为核心,紧密联系小学科学教育教学实际,培养具有一定科学素质的合格师范毕业生。全书内容包括六篇,分别为:绪论、多姿多彩的物质世界、奇妙的生命世界、地球科学等。
606 0  @a自然科学@x高等学校@j教材
690    @aN43@v5
701  0 @a黄跃华@9huang yue hua@4主编
701  0 @a温盛伟@9wen sheng wei@4主编
801  0 @aCN@b91MARC@c20171022
905    @b1022675-9@dN43@f5@e117
    
    自然科学基础/黄跃华,温盛伟主编.-上海:上海交通大学出版社,2016.12
    375页:图;26cm
    普通高等院校精品教材
    
    ISBN 978-7-313-15465-1:CNY39.80
    本书以自然科学的基本概念、基本原理和基本方法为基础,以人与自然关系协调为主线,以学生的发展为核心,紧密联系小学科学教育教学实际,培养具有一定科学素质的合格师范毕业生。全书内容包括六篇,分别为:绪论、多姿多彩的物质世界、奇妙的生命世界、地球科学等。
●
相关链接 在E读中查询图书 在五车中查询图书 在当当中查询图书 在豆瓣中查询图书


正题名:自然科学基础     索取号:N43/117         预约/预借

序号 登录号 条形码 馆藏地/架位号 状态 备注
1 1022675   210226753   第二样本阅览室/ [索取号:N43/117] 在馆    
2 1022676   210226762   第三借阅区/ [索取号:N43/117] 在馆    
3 1022677   210226771   第三借阅区/ [索取号:N43/117] 在馆    
4 1022678   210226780   第三借阅区/ [索取号:N43/117] 在馆    
5 1022679   210226799   密集书库-物理学院/ [索取号:N43/117] 在馆    
唐山师范学院图书馆 欢迎您!
大连网信软件有限公司© 版权所有